Ч. 1; Материалы и их технологии

Dettagli Bibliografici
Parent link:Материалы и их технологии: учебник/ В. А. Горохов, Н. В. Беляков, А. Г. Схиртладзе; под ред. В. А. Горохова. Ч. 1.— , 2014.— 978-5-16-009531-8
Riassunto:Приведены сведения по материаловедению металлов и неметаллов, включая наноматериалы. Рассмотрены основы порошковой металлургии, литья, термической обработки, а также различные способы обработки заготовок. Описаны методика проектирования заготовок и способы обеспечения точности и качества производства деталей, способы повышения их надежности и эксплуатационных свойств в режиме ресурсосбережения и экономической эффективности производства. Для студентов технических вузов. Будет полезен учащимся колледжей, а также слушателям системы повышения квалификации и переподготовки кадров.
Lingua:russo
Pubblicazione: 2014
Soggetti:
Natura: MixedMaterials Libro
KOHA link:https://koha.lib.tpu.ru/cgi-bin/koha/opac-detail.pl?biblionumber=250635

MARC

LEADER 00000nam2a2200000 4500
001 250635
005 20231101232601.0
010 |a 9785160095295 
010 |a 978-985-475-632-5 
035 |a (RuTPU)RU\TPU\book\272851 
090 |a 250635 
100 |a 20140214d2014 m y0rusy50 ca 
101 0 |a rus 
102 |a RU  |a BY 
105 |a a j 001zy 
200 0 |a Ч. 1 
210 |d 2014 
215 |a 589 с.  |c ил. 
320 |a Библиогр.: с. 585-588. 
320 |a Словарь терминов: с. 574-584. 
330 |a Приведены сведения по материаловедению металлов и неметаллов, включая наноматериалы. Рассмотрены основы порошковой металлургии, литья, термической обработки, а также различные способы обработки заготовок. Описаны методика проектирования заготовок и способы обеспечения точности и качества производства деталей, способы повышения их надежности и эксплуатационных свойств в режиме ресурсосбережения и экономической эффективности производства. Для студентов технических вузов. Будет полезен учащимся колледжей, а также слушателям системы повышения квалификации и переподготовки кадров. 
461 1 |0 (RuTPU)RU\TPU\book\281964  |y 978-5-16-009531-8  |t Материалы и их технологии  |o учебник  |o в 2 ч.  |f В. А. Горохов, Н. В. Беляков, А. Г. Схиртладзе  |g под ред. В. А. Горохова  |v Ч. 1  |d 2014  |s Высшее образование. Бакалавриат 
606 1 |a Материалы  |x Свойства при обработке  |2 stltpush  |3 (RuTPU)RU\TPU\subj\73231  |9 86353 
610 1 |a промышленные материалы 
610 1 |a конструкционные материалы 
610 1 |a инструментальные материалы 
610 1 |a наноматериалы 
610 1 |a строение 
610 1 |a металлы 
610 1 |a кристаллизация 
610 1 |a сплавы 
610 1 |a термическая обработка 
610 1 |a порошковые металлы 
610 1 |a неметаллические материалы 
610 1 |a композиционные материалы 
610 1 |a компоненты 
610 1 |a металлургическое производство 
610 1 |a технология 
610 1 |a отливки 
610 1 |a формообразование 
610 1 |a литейное производство 
610 1 |a обработка давлением 
610 1 |a прокатное производство 
610 1 |a ковка 
610 1 |a штамповка 
610 1 |a заготовки 
610 1 |a пластмассы 
610 1 |a детали 
610 1 |a изготовление 
610 1 |a сварка 
610 1 |a пайка 
610 1 |a склеивание 
610 1 |a поверхности 
610 1 |a микрогеометрия 
610 1 |a точность 
610 1 |a учебники 
675 |a 621.7.011(075.8)  |v 3 
801 1 |a RU  |b 63413507  |c 20140214 
801 2 |a RU  |b 63413507  |c 20150703  |g RCR 
900 |a Автоматизированные технологии производства 
900 |a Технология автоматизированного машиностроения и приборостроения 
900 |a Технология автоматизированного производства 
900 |a Конструкторско-технологическое обеспечение производства 
942 |c BK 
951 |b 150100  |b 150700  |b 151900  |l 8.1 
959 |a 25/20140213  |d 2  |e 799,90  |f ЧЗТЛ:1  |f АНЛ:1